<?xml version="1.0" encoding="UTF-8"?>
<record
    xmlns:xsi="http://www.w3.org/2001/XMLSchema-instance"
    xsi:schemaLocation="http://www.loc.gov/MARC21/slim http://www.loc.gov/standards/marcxml/schema/MARC21slim.xsd"
    xmlns="http://www.loc.gov/MARC21/slim">

  <leader>00879nam a22001697a 4500</leader>
  <controlfield tag="005">20210531104734.0</controlfield>
  <controlfield tag="008">210528b           ||||| |||| 00| 0 eng d</controlfield>
  <datafield tag="020" ind1=" " ind2=" ">
    <subfield code="a">9781480900066</subfield>
  </datafield>
  <datafield tag="040" ind1=" " ind2=" ">
    <subfield code="c">AGENCY</subfield>
  </datafield>
  <datafield tag="050" ind1=" " ind2=" ">
    <subfield code="a">DT512.34.B73</subfield>
  </datafield>
  <datafield tag="245" ind1=" " ind2=" ">
    <subfield code="a">Personal reflections of a Ghanaian foreign service officer: whither Ghanaian diplomacy?</subfield>
    <subfield code="c">William G. M. Brandful</subfield>
  </datafield>
  <datafield tag="260" ind1=" " ind2=" ">
    <subfield code="a">Pittsburgh :</subfield>
    <subfield code="b">Rosedog Books ,</subfield>
    <subfield code="c">2013.</subfield>
  </datafield>
  <datafield tag="300" ind1=" " ind2=" ">
    <subfield code="a">xxix, 528 p. : </subfield>
    <subfield code="b">ill. ;</subfield>
    <subfield code="c">23 cm.</subfield>
  </datafield>
  <datafield tag="500" ind1=" " ind2=" ">
    <subfield code="a">Includes notes and references .</subfield>
  </datafield>
  <datafield tag="505" ind1=" " ind2=" ">
    <subfield code="a">Contents: Part 1: Section A:  ''Traditional'' diplomacy-selective issues concerning the administrative machinery -- Part 2: Section B: Economic diplomacy -- Section C: Cultural and ''aesthetic'' diplomacy -- Section D: Facets of life of a Ghanaian diplomatic family -- Section E: The quest for excellence as a challenge for Ghanaian diplomacy.</subfield>
  </datafield>
  <datafield tag="942" ind1=" " ind2=" ">
    <subfield code="2">lcc</subfield>
    <subfield code="c">BK</subfield>
  </datafield>
  <datafield tag="999" ind1=" " ind2=" ">
    <subfield code="c">7625</subfield>
    <subfield code="d">15125</subfield>
  </datafield>
  <datafield tag="952" ind1=" " ind2=" ">
    <subfield code="0">0</subfield>
    <subfield code="1">0</subfield>
    <subfield code="2">lcc</subfield>
    <subfield code="4">0</subfield>
    <subfield code="7">0</subfield>
    <subfield code="a">WIUC-1</subfield>
    <subfield code="b">WIUC-1</subfield>
    <subfield code="c">REF</subfield>
    <subfield code="d">2021-05-28</subfield>
    <subfield code="o">DT512.34.B73</subfield>
    <subfield code="p">3717/368/21</subfield>
    <subfield code="r">2021-05-28 00:00:00</subfield>
    <subfield code="t">1</subfield>
    <subfield code="w">2021-05-28</subfield>
    <subfield code="y">BK</subfield>
  </datafield>
  <datafield tag="952" ind1=" " ind2=" ">
    <subfield code="0">0</subfield>
    <subfield code="1">0</subfield>
    <subfield code="2">lcc</subfield>
    <subfield code="4">0</subfield>
    <subfield code="7">0</subfield>
    <subfield code="a">WIUC-1</subfield>
    <subfield code="b">WIUC-1</subfield>
    <subfield code="c">REF</subfield>
    <subfield code="d">2021-05-28</subfield>
    <subfield code="o">DT512.34.B731</subfield>
    <subfield code="p">3718/369/21</subfield>
    <subfield code="r">2021-05-28 00:00:00</subfield>
    <subfield code="t">2</subfield>
    <subfield code="w">2021-05-28</subfield>
    <subfield code="y">BK</subfield>
  </datafield>
  <datafield tag="952" ind1=" " ind2=" ">
    <subfield code="0">0</subfield>
    <subfield code="1">0</subfield>
    <subfield code="2">lcc</subfield>
    <subfield code="4">0</subfield>
    <subfield code="7">0</subfield>
    <subfield code="a">WIUC-1</subfield>
    <subfield code="b">WIUC-1</subfield>
    <subfield code="c">REF</subfield>
    <subfield code="d">2021-05-28</subfield>
    <subfield code="o">DT512.34.B732</subfield>
    <subfield code="p">3719/370/21</subfield>
    <subfield code="r">2021-05-28 00:00:00</subfield>
    <subfield code="t">3</subfield>
    <subfield code="w">2021-05-28</subfield>
    <subfield code="y">BK</subfield>
  </datafield>
  <datafield tag="952" ind1=" " ind2=" ">
    <subfield code="0">0</subfield>
    <subfield code="1">0</subfield>
    <subfield code="2">lcc</subfield>
    <subfield code="4">0</subfield>
    <subfield code="7">0</subfield>
    <subfield code="a">WIUC-1</subfield>
    <subfield code="b">WIUC-1</subfield>
    <subfield code="c">REF</subfield>
    <subfield code="d">2021-05-28</subfield>
    <subfield code="o">DT512.34.B733</subfield>
    <subfield code="p">3720/371/21</subfield>
    <subfield code="r">2021-05-28 00:00:00</subfield>
    <subfield code="t">4</subfield>
    <subfield code="w">2021-05-28</subfield>
    <subfield code="y">BK</subfield>
  </datafield>
  <datafield tag="952" ind1=" " ind2=" ">
    <subfield code="0">0</subfield>
    <subfield code="1">0</subfield>
    <subfield code="2">lcc</subfield>
    <subfield code="4">0</subfield>
    <subfield code="7">0</subfield>
    <subfield code="a">WIUC-1</subfield>
    <subfield code="b">WIUC-1</subfield>
    <subfield code="c">REF</subfield>
    <subfield code="d">2021-05-28</subfield>
    <subfield code="o">DT512.34.B734</subfield>
    <subfield code="p">3721/372/21</subfield>
    <subfield code="r">2021-05-28 00:00:00</subfield>
    <subfield code="t">5</subfield>
    <subfield code="w">2021-05-28</subfield>
    <subfield code="y">BK</subfield>
  </datafield>
</record>
